| 000 | 00829nam a22002297a 4500 | ||
|---|---|---|---|
| 999 |
_c17332 _d17332 |
||
| 003 | AR-CdUCM | ||
| 008 | 190508b ||||| |||| 00| 0 spa d | ||
| 040 |
_aMUNICIPALIDAD PROVINCIAL DEL CUSCO _cBIBLIOTECA MUNICIPAL DEL CUSCO |
||
| 041 | _hfre | ||
| 082 |
_a305.235 / _bSA26 |
||
| 100 |
_aSauvy, Alfred _935324 |
||
| 245 | _aLa rebelión de los jóvenes / | ||
| 260 |
_aBarcelona : _bDOPESA, _c1971. |
||
| 300 |
_a244 páginas ; _c19 cm. |
||
| 505 | _aContenido: Peligrosa vanguardia -- La época de los grandes errores -- Las puertas cerradas -- De la tradición a la rebelión -- Clases sociales ... | ||
| 650 |
_aJóvenes _923872 |
||
| 650 |
_aCondiciones sociales _91132 |
||
| 650 |
_aAmbiente de trabajo _937290 |
||
| 700 |
_aManzano, Carlos (traducción) _937291 |
||
| 942 |
_2ddc _cLIBROS |
||
| 945 |
_aachl _d2019-05-08 |
||